Movies Quiz

Random Movies or Pixar Quiz

Pixar Movies by Length Quiz Stats

 Plays Quiz Updated Jun 19, 2019

Score 0/10 Timer 02:00
9 Plays Today
# of Letters Movie(s) % Correct
2Up
93.3%
8Toy Story
86.6%
4Cars, Coco
84.7%
11Monsters, Inc., Finding Nemo, Ratatouille, Finding Dory
82.6%
9A Bug's Life, Toy Story 2, Toy Story 3, Inside Out, Toy Story 4
80.5%
5WALL-E, Cars 2, Brave, Cars 3
80.3%
14The Incredibles
62.1%
18Monsters University
56.1%
12Incredibles 2
36.1%
15The Good Dinosaur
34%

You're not logged in!

Compare scores with friends on all Sporcle quizzes.
OR
Log In

Show Comments

Extras

Top Quizzes Today


Score Distribution

Your Account Isn't Verified!

In order to create a playlist on Sporcle, you need to verify the email address you used during registration. Go to your Sporcle Settings to finish the process.

Report this User

Report this user for behavior that violates our Community Guidelines.

Details: